| 000 -LEADER |
| fixed length control field |
00533nam a22001697a 4500 |
| 008 - FIXED-LENGTH DATA ELEMENTS--GENERAL INFORMATION |
| fixed length control field |
191202b2014 ||||| |||| 00| 0 eng d |
| 020 ## - INTERNATIONAL STANDARD BOOK NUMBER |
| International Standard Book Number |
9788189729806 |
| 082 00 - DEWEY DECIMAL CLASSIFICATION NUMBER |
| Edition number |
23 |
| Classification number |
627.98 |
| Item number |
OFF |
| 100 1# - MAIN ENTRY--PERSONAL NAME |
| Personal name |
Ramakrishnan, T. V. |
| 245 10 - TITLE STATEMENT |
| Title |
Offshore Engineering / |
| 260 ## - PUBLICATION, DISTRIBUTION, ETC. (IMPRINT) |
| Place of publication, distribution, etc |
New Delhi : |
| Name of publisher, distributor, etc |
Gene Tech, |
| Date of publication, distribution, etc |
c 2008. |
| 300 ## - PHYSICAL DESCRIPTION |
| Extent |
347 p.: |
| Other physical details |
ill. ; |
| Dimensions |
22 cm. |
| 650 #0 - SUBJECT ADDED ENTRY--TOPICAL TERM |
| Topical term or geographic name as entry element |
Marine engineering. |
|
| Topical term or geographic name as entry element |
Offshore structures Design and construction. |
|
| Topical term or geographic name as entry element |
Technology & Engineering Hydraulics. |
| 942 ## - ADDED ENTRY ELEMENTS (KOHA) |
| Item type |
Books |